| 000 | 00345nam a2200133Ia 4500 | ||
|---|---|---|---|
| 005 | 20251222144829.0 | ||
| 008 | 251222s9999||||xx |||||||||||||| ||spa|| | ||
| 082 | _a291.177/K59 | ||
| 100 | _aKlaiber, Jeffrey | ||
| 245 | 0 | _aReligión y Revolución en el Perú 1824-1988 | |
| 250 | _a2a.ed. | ||
| 264 | _bUniversidad del Pacífico | ||
| 942 | _cLIB | ||
| 999 |
_c20785 _d20785 |
||